| 000 | 00514 a2200169 4500 | ||
|---|---|---|---|
| 999 |
_c6545 _d6545 |
||
| 020 | _a 9780521498449 | ||
| 050 | 0 | 0 | _aQL 751 MAN 1979 |
| 100 | 1 | _aManning, Aubrey. | |
| 245 | 1 | 3 |
_aAn introduction to animal behaviour / _cAubrey Manning and Marian Stamp Dawkins. |
| 250 | _a4th ed. | ||
| 264 |
_aCambridge: _bCambridge University Press, _c1992 |
||
| 300 |
_ax, 196 p. : _bill. ; |
||
| 500 | _aIncludes index | ||
| 650 | _aAnimal behaviour | ||
| 700 | 1 | _aDawkins, Marian Stamp. | |
| 942 |
_2lcc _cBK _e4th _h751 _iMAN _kQL |
||